Statistics for R Vocabulary Words Quiz #1

Click here to take the quiz!

General Stats

  • This quiz has been taken 35,199 times
    (12,343 since last reset)
  • The average score is 13 of 22

Answer Stats

Definition Word % Correct
Opposite of urbanRural
99%
Jewish spiritual leaderRabbi
95%
Jamaican musical genreReggae
87%
The smallest animal of a litterRunt
81%
One who favors extreme political change;
Or, 1980s slang meaning "awesome"
Radical
80%
Affected with rabiesRabid
80%
Currency of RussiaRuble
79%
Medical specialty dealing with X-raysRadiology
77%
500 sheets of paperReam
69%
A person who lives in self-imposed isolationRecluse
58%
The killing of a kingRegicide
57%
Slender, sharply-pointed sword that
was popular for dueling
Rapier
56%
Term that means "bird of prey"Raptor
56%
Two-wheeled carriage pulled by a personRickshaw
55%
How rock climbers descendRappel
54%
17th Greek letterRho
48%
To demolish; to levelRaze
46%
To turn and stare, esp. at an accidentRubberneck
45%
The art of persuasive speakingRhetoric
38%
The sounding of a bugle to awaken
soldiers in the morning
Reveille
37%
Dietary fiberRoughage
33%
EntourageRetinue
15%

Score Distribution

Percentile by Number Answered

Percent of People with Each Score

Your Score History

You have not taken this quiz since the last reset